00555 2200217 4500001002100000005001500021035002000036008004100056245008500097100002100182250000600203260003300209300001100242084001400253082000800267650001400275990001200289990001200301990001200313990001200325INLIS00000000000043120240430015206 a0010-0424000407240430 0 ind 1 aEnsiklopedia Matematika Volume 4; Analisis Matematika Terapan /cPatricia Barnes aBarnes, Patricia a1 aBandung :bPakar Raya,c2014 a88 hlm a510 PAT e a510 4aNon Fiksi a0722528 a0722529 a0722530 a0722531